Malá Fatra
| Format: | Book |
|---|---|
| Language: | Undetermined |
| Published: |
Bratislava
b.v.
[1970]
|
MARC
| LEADER | 00000nam a2200000 a 4500 | ||
|---|---|---|---|
| 001 | vtls001343867 | ||
| 003 | SK-MaSNL | ||
| 005 | 20260224153051.0 | ||
| 008 | 210928s1970 xx 0 und | ||
| 035 | |a SNK000297053 | ||
| 040 | |a SNK |b slo |c SNK |e AACR2 | ||
| 245 | 1 | |a Malá Fatra | |
| 260 | |a Bratislava |b b.v. |c [1970] | ||
| 958 | |a OND | ||
| 999 | |c 1062721 |d 1064651 | ||
| 952 | |a SNK |b SNK |y PREZ |7 0 |p 17A0891351 |o snkSD 36952 |0 0 |1 0 |4 0 |d 2013-08-12 |l 0 |r 2026-02-24 15:30:51 |w 2026-02-24 | ||
| 952 | |t P60, <04>, [BOOK], {604} |a SNK |b SNK |y VYP |7 0 |p 17A0157865 |o snkSD 36952 D1 |0 0 |1 0 |4 0 |d 1998-10-03 |l 0 |r 2005-01-02 00:00:00 |w 2026-02-24 | ||


